| 000 | 00405nam a22001697a 4500 | ||
|---|---|---|---|
| 003 | OSt | ||
| 005 | 20250508121223.0 | ||
| 008 | 250508b |||||||| |||| 00| 0 eng d | ||
| 082 |
_a020 _bAOYW |
||
| 100 | _aAoyama, Michiko | ||
| 245 | _aWhat You Are Looking For Is In The Library | ||
| 260 |
_aUK _bPenguin Random House |
||
| 300 | _a250p. | ||
| 546 | _aEnglish | ||
| 651 | _aLibrary | ||
| 942 |
_2ddc _cBK |
||
| 999 |
_c3778 _d3778 |
||